Statistics for Greatest Argentina XI in Serie A

Click here to take the quiz!

General Stats

  • This quiz has been taken 99 times
  • The average score is 7 of 11

Answer Stats

PositionPlayerClub% Correct
RBJavier ZanettiInter Milan
95%
CAMDiego MaradonaNapoli
89%
STGabriel BatistutaFiorentina, AS Roma, Inter Milan
85%
STHernan CrespoInter Milan, Parma, Lazio, AC Milan, Genoa
84%
CBWalter SamuelInter Milan, AS Roma
76%
CMEsteban CambiassoInter Milan
74%
CMJuan Sebastian VeronInter Milan, Sampdoria, Parma, Lazio
70%
CMDiego SimeoneInter Milan, Lazio
43%
GKJuan MussoUdinese
33%
CBDaniel PassarellaInter Milan, Fiorentina
20%
LBJose ChamotPisa, Foggia, Lazio, AC Milan
13%

Score Distribution

Percentile by Number Answered

Percent of People with Each Score

Your Score History

You have not taken this quiz